Masihkah Ada Kita? / (Record no. 203421)
[ view plain ]
| 000 -LEADER | |
|---|---|
| fixed length control field | 00932nam a2200277 i 4500 |
| 005 - DATE AND TIME OF LATEST TRANSACTION | |
| control field | 20260315105705.0 |
| 008 - FIXED-LENGTH DATA ELEMENTS--GENERAL INFORMATION | |
| fixed length control field | 260312t20252025my a gr 000 1 may d |
| 020 ## - INTERNATIONAL STANDARD BOOK NUMBER | |
| International Standard Book Number | 9786299626718 |
| Terms of availability | RM47.00 |
| Qualifying information | paperback |
| 040 ## - CATALOGING SOURCE | |
| Original cataloging agency | PPAK |
| Language of cataloging | eng |
| Transcribing agency | PPAK |
| Description conventions | rda |
| 082 04 - DEWEY DECIMAL CLASSIFICATION NUMBER | |
| Edition number | 23 |
| Classification number | 899.2333 |
| 090 00 - LOCALLY ASSIGNED LC-TYPE CALL NUMBER (OCLC); LOCAL CALL NUMBER (RLIN) | |
| Classification number (OCLC) (R) ; Classification number, CALL (RLIN) (NR) | 899.2333 |
| Feature heading | EMM |
| Feature heading | G |
| 100 0# - MAIN ENTRY--PERSONAL NAME | |
| Personal name | Emmiyya, |
| Relator term | author. |
| 245 10 - TITLE STATEMENT | |
| Title | Masihkah Ada Kita? / |
| Statement of responsibility, etc. | EMMIYYA ; Penyunting: Era Ishak & Ainul Tajul ; Ilustrasi objek: Kiadesign |
| 264 #1 - PRODUCTION, PUBLICATION, DISTRIBUTION, MANUFACTURE, AND COPYRIGHT NOTICE | |
| Place of production, publication, distribution, manufacture | Skudai, Johor Darul Ta'zim, |
| Name of producer, publisher, distributor, manufacturer | Ink Loaf Publication, |
| Date of production, publication, distribution, manufacture, or copyright notice | [2025?] |
| Date of production, publication, distribution, manufacture, or copyright notice | ©2025 |
| 300 ## - PHYSICAL DESCRIPTION | |
| Extent | 529 pages : |
| Other physical details | illustrations ; |
| Dimensions | 21 cm |
| 336 ## - CONTENT TYPE | |
| Content type term | text |
| Source | rdacontent |
| 337 ## - MEDIA TYPE | |
| Media type term | unmediated |
| Source | rdamedia |
| 338 ## - CARRIER TYPE | |
| Carrier type term | volume |
| Source | rdacarrier |
| 650 10 - SUBJECT ADDED ENTRY--TOPICAL TERM | |
| Topical term or geographic name entry element | Malay fiction |
| Topical term or geographic name entry element | Malaysian fiction |
| 700 0# - ADDED ENTRY--PERSONAL NAME | |
| Personal name | Era Ishak, |
| Relator term | editor. |
| Personal name | Ainul Tajul, |
| Relator term | editor. |
| 710 2# - ADDED ENTRY--CORPORATE NAME | |
| Corporate name or jurisdiction name as entry element | Kiadesign, |
| Relator term | illustrator. |
| 942 ## - ADDED ENTRY ELEMENTS (KOHA) | |
| Source of classification or shelving scheme | Dewey Decimal Classification |
| Koha item type | Book |
| Withdrawn | Not for loan | Current library | Shelving location | Date acquired | Total Checkouts | Full call number | Barcode | Date last seen | Koha item type |
|---|---|---|---|---|---|---|---|---|---|
| Perpustakaan Alor Setar | Pinjaman Dewasa | 18/03/2026 | 899.2333 EMM | A01904483 | 18/03/2026 | Book | |||
| Perpustakaan Awam Sungai Petani | Pinjaman Dewasa | 18/03/2026 | 899.2333 EMM | A01904484 | 18/03/2026 | Book | |||
| Perpustakaan Baling | Pinjaman Dewasa | 18/03/2026 | 899.2333 EMM | A01904488 | 18/03/2026 | Book | |||
| Perpustakaan Bandar Baharu | Pinjaman Dewasa | 18/03/2026 | 899.2333 EMM | A01904489 | 18/03/2026 | Book | |||
| Perpustakaan Jitra | Pinjaman Dewasa | 18/03/2026 | 899.2333 EMM | A01904485 | 18/03/2026 | Book | |||
| Perpustakaan Kuala Nerang | Pinjaman Dewasa | 18/03/2026 | 899.2333 EMM | A01904493 | 18/03/2026 | Book | |||
| Perpustakaan Kulim | Pinjaman Dewasa | 18/03/2026 | 899.2333 EMM | A01904487 | 18/03/2026 | Book | |||
| Perpustakaan Langkawi | Pinjaman Dewasa | 18/03/2026 | 899.2333 EMM | A01904486 | 18/03/2026 | Book | |||
| Perpustakaan Merbok | Pinjaman Dewasa | 18/03/2026 | 899.2333 EMM | A01904490 | 18/03/2026 | Book | |||
| Perpustakaan Pendang | Pinjaman Dewasa | 18/03/2026 | 899.2333 EMM | A01904494 | 18/03/2026 | Book | |||
| Perpustakaan Sik | Pinjaman Dewasa | 18/03/2026 | 899.2333 EMM | A01904492 | 18/03/2026 | Book | |||
| Perpustakaan Yan | Pinjaman Dewasa | 18/03/2026 | 899.2333 EMM | A01904491 | 18/03/2026 | Book |